| 000 | 00496nam a2200169Ia 4500 | ||
|---|---|---|---|
| 003 | IN-BaIIA | ||
| 008 | 211028s9999 xx 000 0 eng d | ||
| 040 | _cIIA Library | ||
| 080 |
_a681.3 _bHER |
||
| 100 |
_aHersee, E. H. W. _95736 |
||
| 245 | 2 |
_aA simple approach to electronic computers _cE. H. W. Hersee |
|
| 260 |
_aLondon _bBlackie & Sons _c1960 |
||
| 300 | _aviii, 104p. | ||
| 650 |
_aComputers _92283 |
||
| 650 | _aNASA Thesaurus | ||
| 942 | _cBK | ||
| 999 |
_c6184 _d6184 |
||